Cities Closest to San Francisco - Statistics

General Stats
  • This quiz has been taken 6 times
  • The average score is 7 of 15
Answer Stats
mi Answer km % Correct
13 Berkeley 20
100%
12 Oakland 19
100%
87 Sacramento 140
83%
48 San Jose 77
83%
119 Monterey 191
67%
73 Santa Cruz 117
67%
11 Sausalito 17
67%
55 Santa Rosa (California) 88
50%
47 Napa 75
33%
122 Carmel 196
17%
44 Sonoma 70
17%
122 Carmel By the Sea 196
0%
30 Half Moon Bay 48
0%
69 Healdsburg 111
0%
56 Yountville 90
0%
No matching quizzes found
Score Distribution
Percent of People with Each Score
Percentile by Number Answered
Your Score History
You have not taken this quiz